The Substantial Service Demands of Offenders and Frequent Offenders

Saved in:  
Bibliographic Details
Authors: Rodriguez, Jorge (Author) ; Keene, Jan (Author) ; Li, X. (Author)
Format: Print Article
Language:English
Published: 2006
In: European journal of criminology
Year: 2006, Volume: 3, Issue: 2, Pages: 149-179
Check availability: HBZ Gateway
Keywords:

MARC

LEADER 00000caa a22000002c 4500
001 1640086587
003 DE-627
005 20220608131044.0
007 tu
008 160223s2006 xx ||||| 00| ||eng c
035 |a (DE-627)1640086587 
035 |a (DE-576)456049088 
035 |a (DE-599)BSZ456049088 
040 |a DE-627  |b ger  |c DE-627  |e rakwb 
041 |a eng 
100 1 |a Rodriguez, Jorge  |4 aut 
245 1 4 |a The Substantial Service Demands of Offenders and Frequent Offenders  |c Jorge Rodriguez, Jan Keene, X. Li 
264 1 |c 2006 
336 |a Text  |b txt  |2 rdacontent 
337 |a ohne Hilfsmittel zu benutzen  |b n  |2 rdamedia 
338 |a Band  |b nc  |2 rdacarrier 
700 1 |a Keene, Jan  |0 (DE-627)1254793275  |0 (DE-576)184793270  |4 aut 
700 1 |a Li, X.  |4 aut 
773 0 8 |i In  |t European journal of criminology  |d London [u.a.] : Sage, 2004  |g 3(2006), 2, Seite 149-179  |w (DE-627)378572970  |w (DE-600)2134760-8  |w (DE-576)109717155  |x 1477-3708  |7 nnas 
773 1 8 |g volume:3  |g year:2006  |g number:2  |g pages:149-179 
776 1 |o 10.1177/1477370806061968 
935 |a mkri 
951 |a AR 
ELC |b 1 
LOK |0 000 xxxxxcx a22 zn 4500 
LOK |0 001 3301390420 
LOK |0 003 DE-627 
LOK |0 004 1640086587 
LOK |0 005 20250411103528 
LOK |0 008 160208||||||||||||||||ger||||||| 
LOK |0 040   |a DE-21-110  |c DE-627  |d DE-21-110 
LOK |0 689   |a s  |a Bedarfsanalyse 
LOK |0 689   |a s  |a Soziale Dienste 
LOK |0 689   |a s  |a Straftäter 
LOK |0 689   |a s  |a Methodenfragen 
LOK |0 852   |a DE-21-110 
LOK |0 852 1  |m p  |9 00 
LOK |0 935   |a k110 
LOK |0 938   |k p 
LOK |0 939   |a 08-02-16  |b l01 
ORI |a SA-MARC-krimdoka001.raw